Sports Quiz

Random Sports or NHL Quiz

NHL: Top 30 european goalscorers Quiz Stats

 Plays Quiz not verified by Sporcle

Score 0/30 Timer 10:00
0 Plays Today
Country Player % Correct
Czech RepublicJaromir Jagr
100%
FinlandTeemu Selanne
97%
SwedenMats Sundin
92.8%
FinlandJari Kurri
92.5%
RussiaPavel Bure
88.3%
Russia Sergei Fedorov
87.2%
SlovakiaPeter Bondra
79.6%
Russia Alexander Mogilny
79.6%
SwedenDaniel Alfredsson
75.5%
SlovakiaMarian Hossa
75.1%
Sweden Markus Naslund
74.7%
RussiaPeter Stastny
74.3%
Russia Alexei Kovalev
74.3%
RussiaIlya Kovalchuk
69.1%
SlovakiaStan Mikita
65.3%
Country Player % Correct
RussiaVyacheslav Kozlov
60.4%
Czech RepublicPatrik Elias
60.4%
SlovakiaZigmund 'Ziggy' Palffy
60%
SlovakiaMiroslav Satan
58.5%
SlovakiaPavol Demitra
56.2%
RussiaAlexei Yashin
53.2%
Czech RepublicMilan Hejduk
50.6%
SwedenTomas Sandstrom
47.9%
Czech RepublicPetr Nedved
44.2%
Czech RepublicBobby Holik
43.4%
Czech RepublicPetr Sykora
40.8%
Sweden Ulf Dahlen
29.1%
Czech RepublicPetr Klima
26.4%
RussiaIvan Boldirev
12.5%
EnglandKen Hodge
8.3%

You're not logged in!

Compare scores with friends on all Sporcle quizzes.
OR
Log In

Show Comments

Extras

Top Quizzes Today


Score Distribution

Your Account Isn't Verified!

In order to create a playlist on Sporcle, you need to verify the email address you used during registration. Go to your Sporcle Settings to finish the process.

Report this User

Report this user for behavior that violates our Community Guidelines.

Details: